| 000 | 00827nam a22002537a 4500 | ||
|---|---|---|---|
| 003 | DO-SdBNP | ||
| 005 | 20180216144503.0 | ||
| 008 | 161031b 1993 sp a 00| 0 spa d | ||
| 020 | _a8477587051 (O.C.) | ||
| 020 | _a8477587159 (Dama) | ||
| 040 |
_aBPMSU _bspa _cBPMSU |
||
| 082 |
_axxxx _bxxx |
||
| 110 | _aWalt Disney Company | ||
| 245 | 0 | 3 |
_aLa dama y el vagabundo : _bdisney _cWalt Disney Company |
| 260 |
_aMadrid, España : _bThe Walt Disney company, _bClub Internacional del Libro, _c1993. |
||
| 300 |
_a(32) p. : _bil. ; _c25 cm. |
||
| 490 | 1 | _aAudiocuentos Disney para siempre | |
| 500 | _aEl texto resume la narración de la cassette | ||
| 500 | _aLibro de pasta dura | ||
| 830 | 0 | _aAudiocuentos Disney para siempre | |
| 942 |
_2ddc _cBK |
||
| 945 | _aInventariado, 2018/ YL | ||
| 956 |
_aYLOCKWARD _b10 _cBPMSU |
||
| 999 |
_c12677 _d12677 |
||